00994cam a22002655a 450000100100000000500170001000800410002702000150006804000260008304300120010908200240012110000200014524500570016526000470022230000290026950400510029854100310034965000900038065000870047065100100055765300220056794200080058999900170059795201140061401264812720180128143448.0821018t1982 enka frb 001 0 eng d a0709908121 aUkcUkbengdEG-ScBUE aew-----04a658.788094222bDAW1 aDawson, John A.10aCommercial distribution in Europe /cJohn A. Dawson. aLondon ;aCanberrs :bCroom Helm,cc.1982. a244 p. :bill. ;c23 cm. aIncludes bibliographical references and index. aDonation from David Kirby. 7aWholesale tradezEuropean Economic Community countriesxHistoryy20th century.2BUEsh 7aRetail tradezEuropean Economic Community countriesxHistoryy20th century.2BUEsh 2BUEsh bGGENcJanuary2018 2ddc c26024d25996 00102ddc4070aMAINbMAINc1STd2018-01-28eDonationl0o658.788094 DAWp000047187r2025-07-15 00:00:00yBB